00932nam a2200181Ia 4500008004100000020001800041082002700059100004000086245021400126250001200340260002400352300001600376440002500392650007200417740014300489952010100632999001700733120622s9999 xx 000 0 und d a968-432-111-2 a086.1 S479c v.255 1998 aGarcía Lorca, Federico, 1898-1936 aMariana Pineda ; La zapatera prodigiosa ; Así que pasen cinco años ; Doña Rosita la soltera ; La casa de Bernarda Alba ; Primeras canciones ; Canciones / Federico García Lorca ; prol. de Salvador Novo a15a. ed aMéxico : Porrúa axxii, 251 p aSepan cuántos; 255 a1. POESIA ESPAÑOLA 2. TEATRO ESPAÑOL 3. LITERATURA ESPAÑOLA aLa zapatera prodigiosa Así que pasen cinco años Doña Rosita la soltera La casa de Bernarda Alba Primeras canciones CancionesÌ 00104070a01b01d2007-01-25l0o086.1 S479C V.255 1998p01 010802r2012-06-24w2012-06-24yLB c60300d60300